000 00570nam a22001937a 4500
003 KOHA_MİRAKIL
005 20251209092929.0
008 251209b tu ||||| |||| 00| 0 tur d
020 _a9786258267822
040 _aTR-AnABB
_btur
_cTR-AnABB
041 _atur
082 _a374.28
_bEVC 2023
100 1 _aEvcin, Erol,
245 1 0 _aBolu vilayetindeki halkevleri ve halkodaları (1932-1951) /
_cDoç. Dr. Erol Evcin
260 _aİstanbul :
_bİkinci Adam Yayınları,
_c2023
300 _a521 sayfa ;
_c24 cm
650 0 4 _aHalkevleri
942 _2ddc
_cBK
999 _c9723
_d9723
900 _bGizem YORULMAZ